Statistiques concernant Géographie de la France par lettre - S

Cliquez ici pour prendre le quiz!

Statistiques générales

  • Ce quiz a été pris 348 fois
  • Le résultat moyen est 12 sur 20

Statistiques - réponses

QuestionRéponse% Correct
Fleuve traversant la capitaleSeine
100%
Principale ville alsacienne, accueillant le parlement européenStrasbourg
100%
Rivière rejoignant le Rhône à LyonSaône
93%
Département ayant Le Mans pour chef-lieuSarthe
87%
Grande région historique et culturelle alpine. Française depuis 1860Savoie
86%
Fleuve donnant son nom à un département picardSomme
78%
Chef-lieu du département de la LoireSaint-Etienne
76%
Plus grande ville d'outre-merSaint-Denis
73%
Sous-préfecture de Loire-Atlantique et haut lieu de la construction de paquebotsSaint-Nazaire
72%
Chef-lieu d'un département breton. Ses habitants sont appelés les briochinsSaint-Brieuc
67%
Sous-préfecture littorale d'Ille-et-Vilaine, destination touristique majeureSaint-Malo
67%
Troisième ville de l'Hérault, cette ville touristique est située sur le bassin de ThauSète
61%
Station balnéaire varoise située entre Fréjus et les Alpes-MaritimesSaint-Raphaël
51%
On connaît la nantaise et la niortaiseSèvre
39%
Station balnéaire basque peuplée d'environ 15 000 habitants.Saint-Jean-de-Luz
36%
Deuxième ville de Guyane, cette sous-préfecture est frontalière du SurinameSaint-Laurent-du-Maroni
32%
Région naturelle historiquement partagée entre l'Orléanais et le BerrySologne
30%
Rivière franco allemande, on retrouve son nom dans deux sous-préfectures mosellanesSarre
29%
Vaste lac artificiel entre les Hautes-Alpes et les Alpes-de-Haute-ProvenceLac de {Serre-Ponçon}
25%
Lac artificiel au pied des gorges du Verdon, situé entre les Alpes-de-Haute-Provence et le VarLac de {Sainte-Croix}
17%

Distribution des résultats

Percentile par nombre de réponses

% des personnes avec chaque résultat

Votre développement - résultats

Vous n’avez pas pris ce quiz